000 00593nam a2200217Ia 4500
999 _c55848
_d55848
001 22945
003 GE_BSU
005 20250910161401.0
008 181216s1994||||enk|||||||||||||| ||eng||
020 _a0194312755
040 _cGE_BSU
041 _aeng
080 _a81'374=111 O-97
245 _aOxford Elementary Learner's Dictionary /
_cEdited by Angela Crawley.
250 _aSecond edition
264 _aOxford :
_bOxford University Press,
_c2000.
300 _a428 p. :
_b ill. ;
_c20 cm.
541 _h7 ლ.
653 _aOxford Elementary Learner's Dictionary
942 _cBK
_2udc